000 nam a22 a 4500
999 _c206198
_d206198
003 BLK
005 20220720083830.0
008 180411b bul|||||r ||||||| ||bul||
010 _aKNG00215947000
020 _a9786190201533
040 _aBLK
041 _aBUL
_cBUL
072 _9178275
_aН83
_xЧужда художествена литература Н
080 _aАнглийска литература
_b821.111
_x-31
_z821.111-31
100 1 _aАткинсън, Кейт
_eпърви автор
_9334599
139 _aАткинсън, Кейт
_bА 93
245 1 0 _aБожествени отломки
_cКейт Аткинсън ; прев. от англ. Венцислав Венков.
_bРоман
257 _aGBR
260 _c2018
_9209486
_aСофия
_bКолибри
_fСофия : Инвестпрес
300 _a525 с.
_c20 см
380 _aX
490 _9202792
_aСъвременна европейска проза
500 _aОриг. загл. A God in Ruis / Kate Atkinson. - Съдържа и за авт. Доп. към романа Живот след живот.
700 1 _aВенков, Венцислав Константинов
_eпрев. от англ.
_9367682
765 _aA God in Ruis
_cAtkinson, Kate
852 _aЦб 291183
856 4 _qpdf
856 4 _qpdf
942 _cKNG
_n0
_018
_s1
944 _aCR
_c11.02.2018
_kВиолета_Тройчева
944 _aED
_c20.02.2018
_kВиолета_Тройчева
999 _d206198
999 _d206198
999 _d206198